000 00362nam a2200133Ia 4500
005 20260328101459.0
008 260328s9999||||xx |||||||||||||| ||und||
100 _aNelson, George
245 0 _aHow to See :
_b A Guide to Reading Our Manmade Environment /
_cGeorge Nelson
260 _bGeorge Nelson
300 _a232 p.
650 _aDISEÑO GRÁFICO
942 _cBK
999 _c8917
_d8917